| 000 | 00634nam a2200193 i 4500 | ||
|---|---|---|---|
| 001 | 96633 | ||
| 003 | ES-MaACL | ||
| 005 | 20250712081858.0 | ||
| 007 | t| | ||
| 008 | 050629s1948 sp ||||1| fre d | ||
| 100 | 1 |
_aMallon, Jean. _975825 |
|
| 245 | 1 | 2 |
_aL'écriture de la Chancellerie Impériale Romaine / _cJean Mallon. |
| 260 |
_aSalamanca : _bUniversidad, _c1948. |
||
| 300 |
_a35 p., lám. I-VI., 2 gráf. pleg. ; _c25 cm. |
||
| 490 | 1 |
_aActa Salmanticensia. Filosofía y letras ; _v2 ; _vIV |
|
| 830 | 0 | 0 |
_aActa Salmanticensia _v2 ; _vIV _9181394 |
| 852 |
_aES-MaACL _j1660-F-3 _bR.26691 |
||
| 999 |
_c96633 _d96633 |
||